Memoria leída ante el Claustro de la Facultad de Medicina de la Universidad Central en el solemne acto de graduarse de doctor en la expresada Facultad / (Record no. 168047)

MARC details
000 -LEADER
campo de control de longitud fija 00856nam a22001695i 4500
001 - NÚMERO DE CONTROL
campo de control 168047
003 - IDENTIFICADOR DE NÚMERO DE CONTROL
campo de control ES-MaACL
005 - FECHA Y HORA DE LA ÚLTIMA TRANSACCIÓN
campo de control 20230906213651.0
008 - DATOS DE LONGITUD FIJA--INFORMACIÓN GENERAL
campo de control de longitud fija 051004s1892 sp | |||||||| ||spa d
040 ## - FUENTE DE CATALOGACIÓN
Centro catalogador/agencia de origen CAM
Lengua de catalogación spa
Centro/agencia transcriptor CAM
100 1# - ENTRADA PRINCIPAL--NOMBRE DE PERSONA
Nombre de persona Yastrzembice Yendrzeyowski y Abad, Alberto.
9 (RLIN) 133984
245 10 - MENCIÓN DEL TÍTULO
Título Memoria leída ante el Claustro de la Facultad de Medicina de la Universidad Central en el solemne acto de graduarse de doctor en la expresada Facultad /
Mención de responsabilidad, etc. por el licenciado en la misma Alberto Yastrzembice Yendrzeyowski y Abad.
260 ## - PUBLICACIÓN, DISTRIBUCIÓN, ETC.
Lugar de publicación, distribución, etc. Alcalá de Henares :
Nombre del editor, distribuidor, etc. [s.n.],
Fecha de publicación, distribución, etc. 1892 (
Fabricante Imp. de Federico García Carballo)
300 ## - DESCRIPCIÓN FÍSICA
Extensión 23 p. ;
Dimensiones 21 cm.
594 ## - Nota al título y mención de responsabilidad
Nota al título y mención de responsabilidad Tít. del discurso: "La medicación antiflojística según el concepto moderno"
852 ## - LOCALIZACIÓN
Ubicación ES-MaACL
Número de control de estantería T-858-F-8
Nota libre -- Enc. hol., conservando la cub. original
-- -- Enc. en un vol. facticio
Holdings
Estatus retirado Estado de pérdida Estado de daño No para préstamo Colección Biblioteca de origen Biblioteca actual Ubicación en estantería Fecha de adquisición Total de préstamos Signatura topográfica completa Código de barras Visto por última vez Precio de reemplazo Tipo de ítem Koha
        Colección de folletos Biblioteca del Ateneo de Madrid Biblioteca del Ateneo de Madrid Depósito folletos 17/01/2008   T-858-F-8 1176302 23/02/2023 23/02/2023 Folleto